13 premiers Etats des USA - Mort subite - Statistiques

Statistiques générales
  • Ce quiz a été pris 134 fois
  • Le résultat moyen est 4 sur 13
Answers on the Grid
Answers color-coded by a green-red scale on the quiz's grid according to % correct below.
Delaware
Caroline du Sud
Caroline du Nord
Géorgie
Connecticut
Maryland
Massachussetts
New Hampshire
New Jersey
New York
Pennsylvanie
Rhode Island
Virginie
Virginie occidentale
Texas
Floride
Mississippi
Michigan
Tennessee
Kentucky
Maine
Alabama
Vermont
Indiana
Ohio
Iowa
 
Statistiques - réponses
Réponse % Correct
New York
46%
New Jersey
42%
Massachussetts
34%
Virginie
32%
Maryland
31%
Caroline du Nord
28%
Delaware
28%
Pennsylvanie
28%
Rhode Island
27%
Caroline du Sud
26%
Géorgie
26%
New Hampshire
24%
Connecticut
23%
Aucun quiz correspondant
Distribution des résultats
% des personnes avec chaque résultat
Percentile par nombre de réponses
Votre historique - résultats
Vous n’avez pas pris ce quiz